Sports Quiz

Random Sports or Country Quiz

Countries that/will have hosted the FIFA World Cup Quiz Stats

Quiz not verified by Sporcle

Also try: World Cup Winners
Challenge
Share
Tweet
Embed
Score 0/22 Timer 05:00
0 Plays Today
Year in which it was hosted and the Stad Country % Correct
Second World Cup (1934) - Stadio Nazionale PNFItaly
100%
Fourteenth World Cup (1990) - Stadio OlimpicoItaly
100%
Fourth World Cup (1950) - Estádio do Pacaembu and the Estádio do MaracanãBrazil
99.4%
Ninth World Cup (1970) - Estadio AztecaMexico
99.4%
Tenth World Cup (1974) - OlympiastadionWest Germany
99.4%
Thirteenth World Cup (1986) - Estadio AztecaMexico
99.4%
Fifteenth World Cup (1994) - Rose BowlUSA
99.4%
Seventeenth World Cup (2002) - International Stadium YokohamaSouth Korea/Japan
99.4%
Twentieth World Cup (2014) - Estádio do MaracanãBrazil
99.4%
Third World Cup (1938) - Stade Olympique de ColombesFrance
98.8%
Twelfth World Cup (1982) - Estadio Santiago BernabéuSpain
98.8%
Year in which it was hosted and the Stad Country % Correct
Sixteenth World Cup (1998) - Stade de FranceFrance
98.8%
Eighteenth World Cup (2006) - OlympiastadionGermany
98.8%
Twenty-First World Cup (2018) - Luzhniki StadiumRussia
98.8%
Eighth World Cup (1966) - Wembley StadiumEngland
98.1%
First World Cup (1930) - Estadio CentenarioUruguay
97.5%
Nineteenth World Cup (2010) - Soccer CitySouth Africa
97.5%
Eleventh World Cup (1978) - Estadio MonumentalArgentina
96.3%
Twenty-Second World Cup (2022) - Lusail Iconic StadiumQatar
95.6%
Sixth World Cup (1958) - Råsunda StadiumSweden
91.3%
Seventh World Cup (1962) - Estadio NacionalChile
91.3%
Fifth World Cup (1954) - Wankdorf StadiumSwitzerland
80%

You're not logged in!

Compare scores with friends on all Sporcle quizzes.
Join for Free
OR
Log In

You Might Also Like...

Show Comments

Extras

Top Quizzes Today


Score Distribution

Your Account Isn't Verified!

In order to create a playlist on Sporcle, you need to verify the email address you used during registration. Go to your Sporcle Settings to finish the process.

Report this User

Report this user for behavior that violates our Community Guidelines.

Details: